Advanced Digital Design With the Verilog HDL (Record no. 595602)

000 -LEADER
fixed length control field 00384nam a22001337a 4500
020 ## - INTERNATIONAL STANDARD BOOK NUMBER
International Standard Book Number 0130891614
040 ## - CATALOGING SOURCE
Transcribing agency NUST
082 ## - DEWEY DECIMAL CLASSIFICATION NUMBER
Classification number 621.395 CIL
100 ## - MAIN ENTRY--PERSONAL NAME
Personal name Ciletti, Michael D
9 (RLIN) 52068
245 ## - TITLE STATEMENT
Title Advanced Digital Design With the Verilog HDL
260 ## - PUBLICATION, DISTRIBUTION, ETC.
Place of publication, distribution, etc. New Jersey:
Name of publisher, distributor, etc. Pearson Education,
Date of publication, distribution, etc. 2003.
650 ## - SUBJECT ADDED ENTRY--TOPICAL TERM
Topical term or geographic name entry element Advanced Digital Design With the Verilog HDL
9 (RLIN) 114231
942 ## - ADDED ENTRY ELEMENTS (KOHA)
Source of classification or shelving scheme
Koha item type Book
Holdings
Withdrawn status Lost status Source of classification or shelving scheme Damaged status Not for loan Permanent Location Current Location Shelving location Date acquired Total Checkouts Full call number Barcode Date last seen Price effective from Koha item type
          College of Electrical & Mechanical Engineering (CEME) College of Electrical & Mechanical Engineering (CEME) General Stacks 08/21/2023   621.395 CIL CEME-40045 08/21/2023 08/21/2023 Book
          College of Electrical & Mechanical Engineering (CEME) College of Electrical & Mechanical Engineering (CEME) General Stacks 08/21/2023   621.395 CIL CEME-40044 08/21/2023 08/21/2023 Book
© 2023 Central Library, National University of Sciences and Technology. All Rights Reserved.